000 00700nam a2200289Ia 4500
005 20260324144305.0
008 008 260324s9999 xx 000 0 eng d
020 _a9781315803814
037 _aEBOOK
040 _aCRL
040 _beng
040 _cCRL
041 _2eng
041 _aeng
084 _qCRL
100 _aEmily B. Visher; John S. Visher
_91209007
245 0 _aOld Loyalties, New Ties
245 0 _bTherapeutic Strategies with Stepfamilies
260 _bTaylor and Francis
260 _c1988
365 _a
365 _b220
856 _uhttp://www.taylorfrancis.com/books/9781315803814
942 _cEBOOK
999 _c1825220
_d1825220